Japan's lost decade

Sparad:
Bibliografiska uppgifter
Huvudupphovsman: Yoshikawa, Hiroshi (Författare, medförfattare)
Materialtyp: Bok
Språk:engelska
Publicerad: Tokio The International House of Japan 2001
Serie:LTCB International Library Selection, 11
Ämnen:
Taggar: Lägg till en tagg
Inga taggar, Lägg till första taggen!

MARC

LEADER 00000nam a2200000 a 4500
001 UCK4974
003 CL-VaPUC
008 050708e20010000JA |||||||||||||||||eng|d
082 0 4 |a 338.952  |b YOS  |2 21 
100 0 |a Yoshikawa, Hiroshi  |e author  |9 493633 
245 1 0 |a Japan's lost decade 
300 |a 240 p 
942 |c BK 
945 |d 20050708 00:00:00  |a cmena 
260 |a Tokio  |b The International House of Japan  |c 2001 
650 0 |a Desarrollo económico y social   |9 256320 
650 7 |a HISTORIA ECONOMICA 1990-1998  |2 CL-VaPUC  |9 493634 
650 0 |a Desarrollo industrial  |9 322675 
651 0 |a Japón   |9 260391 
583 |a last modification  |c 20050708 00:00:00  |k Rodrigo Vera 
490 0 |a LTCB International Library Selection, 11 
999 |c 313674  |d 313672 
952 |0 0  |1 0  |4 0  |6 338_952000000000000_YOS_2001  |7 0  |8 A  |9 385157  |a BIBGIM  |b BIBGIM  |d 2019-11-22  |i 4143574  |o 338.952 YOS 2001  |p 4143574  |r 2025-01-15  |w 2019-11-22  |y BK  |k ORI